Física: conceptos y aplicaciones (Registro nro. 6697)
[ vista simple ]
| 000 -Cabecera | |
|---|---|
| Campo de control de longitud fija | 01060atm a2200457 4500 |
| 005 - Fecha y hora de la última transacción | |
| Campo de control | 20251128164426.0 |
| 008 - Elementos de longitud fija--Información general | |
| Campo de control de longitud fija | 150728b2001 xxu||||| |||| 00| 0 spa d |
| 020 ## - International Standard Book Number | |
| Número Internacional Estándar del Libro (ISBN) | 0078203406 |
| 041 ## - Idioma | |
| Código de idioma | Español |
| 082 ## - Clasificación Decimal Dewey | |
| Número de clasificación | 530 TI595f6 |
| 100 ## - Entrada principal--Autor personal | |
| Nombre personal | Tippens, Paul E. |
| 9 (RLIN) | 29137 |
| 245 ## - Título propiamente dicho | |
| Título | Física: conceptos y aplicaciones |
| 250 ## - Edición | |
| Mención de edición | 6 edición |
| 260 ## - Pie de imprenta | |
| Lugar de publicación, distribución, etc. | México |
| 260 ## - Pie de imprenta | |
| Nombre del editor, distribuidor, etc. | McGraw-Hill |
| 260 ## - Pie de imprenta | |
| Fecha de publicación, distribución, etc. | 2001 |
| 300 ## - Descripción física | |
| Extensión | 943 páginas |
| 490 ## - Serie | |
| Título de la Serie | Gestión de Calidad |
| 490 ## - Serie | |
| Título de la Serie | Mecánica Dental |
| 490 ## - Serie | |
| Título de la Serie | Electrónica |
| 650 ## - Materia general | |
| Temática (materia general) | FÍSICA |
| 650 ## - Materia general | |
| Temática (materia general) | MECÁNICA |
| 650 ## - Materia general | |
| Temática (materia general) | ELECTRÓNICA |
| 650 ## - Materia general | |
| Temática (materia general) | CALOR |
| 650 ## - Materia general | |
| Temática (materia general) | LUZ |
| 650 ## - Materia general | |
| Temática (materia general) | SONIDO |
| 650 ## - Materia general | |
| Temática (materia general) | TERMODINÁMICA |
| 650 ## - Materia general | |
| Temática (materia general) | ELECTRICIDAD |
| 650 ## - Materia general | |
| Temática (materia general) | MAGNETISMO |
| 650 ## - Materia general | |
| Temática (materia general) | FÍSICA MODERNA |
| 650 ## - Materia general | |
| Temática (materia general) | FÍSICA NUCLEAR |
| 650 ## - Materia general | |
| Temática (materia general) | INSTRUMENTOS ÓPTICOS |
| 650 ## - Materia general | |
| Temática (materia general) | ÓPTICA |
| 650 ## - Materia general | |
| Temática (materia general) | MÁQUINAS SIMPLES |
| 650 ## - Materia general | |
| Temática (materia general) | LEYES DE NEWTON |
| 650 ## - Materia general | |
| Temática (materia general) | LEY DE HOOKE |
| 942 ## - Punto de acceso adicional KOHA | |
| Tipo de ítem KOHA | Libro |
| Fuente del sistema de clasificación o colocación | Dewey Decimal Classification |
| Signatura completa | Código de barras | Programa Académico | Tipo de ítem |
|---|---|---|---|
| 530 T595f6 | 11873 | Libro |